Soft Computing A Fusion of Foundations, Methodologies and Applications

Gespeichert in:
Bibliographische Detailangaben
Format: Schriftenreihe
Sprache:Englisch
Veröffentlicht: Cham Springer Nature Switzerland AG
Tags: Tag hinzufügen
Keine Tags, Fügen Sie das erste Tag hinzu!

MARC

LEADER 00000nas1a2200000 4500
001 0296149
005 20250701092110.9
022 |a 1432-7643 
022 |a 1433-7479 
041 0 |a eng 
044 |a CH 
245 1 0 |a Soft Computing  |b A Fusion of Foundations, Methodologies and Applications 
264 1 |a Cham  |b Springer Nature Switzerland AG